| 000 | 00513nam a2200181Ia 4500 | ||
|---|---|---|---|
| 005 | 20250508163559.0 | ||
| 008 | 008 250505s9999 xx 000 0 eng d | ||
| 037 | _aDissertations | ||
| 040 |
_aFEDL _beng _cFEDL |
||
| 041 |
_aeng _2eng |
||
| 084 |
_a954, SIN/DI _qFEDL |
||
| 100 | _aSingh Sushil Kumar | ||
| 245 | 0 | _aRole of teachers in Indian national movement | |
| 260 | _c1998 | ||
| 546 | _aM.Ed. Dissertation (Delhi University) | ||
| 942 |
_cDIS _h954, SIN/DI |
||
| 999 |
_c1384194 _d1384194 |
||